Mexico City True or False - Statistics

General Stats
  • This quiz has been taken 29 times
    28 since last reset
  • The average score is 9 of 15
Answer Stats
Question Answer % Correct
Santa María de la Ribera is in Coyoacán False
100%
The zone of Tepito is more dangerous than Memphis city True
100%
Mexico City has more population than Mérida, Monterrey and Guadalajara in total. True
100%
Mexico City was Tenochtitlán in 350 B.C. False
75%
Bellas Artes is in Coyoacán False
75%
The tower of BBVA in Mexico City is bigger than Pemex Tower. True
75%
Mexico City has just 2 neighboring states True
75%
Mexico City has a part named metropolitan area that officially it isn't part from Mexico City True
75%
Mexico City is part of Mexico State False
50%
The biggest county in Mexico is Gustavo A. Madero (G.A.M.) False
50%
Mexico City has 16 counties True
50%
In Mexico City esquites were invented False
25%
Mexico City was part of Mesoamérica True
25%
Mexico City is the smallest state in Mexico by area True
25%
Mexico City neighbors Puebla False
0%
No matching quizzes found
Score Distribution
Percent of People with Each Score
Percentile by Number Answered
Your Score History
You have not taken this quiz since the last reset